000 00268nam a22000857a 4500
999 _c59184
005 20220920133008.0
008 220920b ||||| |||| 00| 0 eng d
245 _aA constipation scoring system to simplify evaluation and management of constipated patients
942 _2z
_cART